Theories of Peace and Security: (Record no. 16956)
[ view plain ]
| 000 -LEADER | |
|---|---|
| fixed length control field | 00946nam a2200253 4500 |
| 001 - CONTROL NUMBER | |
| control field | 1323902 |
| 005 - DATE AND TIME OF LATEST TRANSACTION | |
| control field | 19701208000000.0 |
| 008 - FIXED-LENGTH DATA ELEMENTS--GENERAL INFORMATION | |
| fixed length control field | 701013s1970 enka b 001 0 eng |
| 020 ## - INTERNATIONAL STANDARD BOOK NUMBER | |
| International Standard Book Number | 0333046706 |
| 040 ## - CATALOGING SOURCE | |
| Original cataloging agency | DLC |
| Transcribing agency | DLC |
| Modifying agency | DLC |
| 082 00 - DEWEY DECIMAL CLASSIFICATION NUMBER | |
| Classification number | 355.02108 |
| Edition number | 22 |
| Item number | GAR |
| 100 1# - MAIN ENTRY--PERSONAL NAME | |
| Personal name | Garnett, John C., |
| Relator term | comp. |
| 9 (RLIN) | 30866 |
| 245 10 - TITLE STATEMENT | |
| Title | Theories of Peace and Security: |
| Remainder of title | a Reader in Contemporary Strategic Thought; |
| Statement of responsibility, etc | edited by John Garnett. |
| 260 ## - PUBLICATION, DISTRIBUTION, ETC. (IMPRINT) | |
| Place of publication, distribution, etc | London, |
| Name of publisher, distributor, etc | Macmillan; |
| Place of publication, distribution, etc | New York, |
| Name of publisher, distributor, etc | St. Martin's P., |
| Date of publication, distribution, etc | 1970. |
| 300 ## - PHYSICAL DESCRIPTION | |
| Extent | 272 p. |
| Other physical details | illus. |
| Dimensions | 23 cm. |
| 490 0# - Series Statement | |
| Series statement | Readings in international politics |
| -- | 30867 |
| 504 ## - BIBLIOGRAPHY, ETC. NOTE | |
| Bibliography, etc | Bibliography: p. 262-265. |
| 541 ## - IMMEDIATE SOURCE OF ACQUISITION NOTE | |
| Source of acquisition | Donation |
| 650 #0 - SUBJECT ADDED ENTRY--TOPICAL TERM | |
| Topical term or geographic name as entry element | Military policy. |
| 9 (RLIN) | 30868 |
| 650 #0 - SUBJECT ADDED ENTRY--TOPICAL TERM | |
| Topical term or geographic name as entry element | International relations. |
| 9 (RLIN) | 30869 |
| 653 ## - INDEX TERM--UNCONTROLLED | |
| Resource For college | |
| Arrived date list | August2012 |
| 942 ## - ADDED ENTRY ELEMENTS (KOHA) | |
| Source of classification or shelving scheme | Dewey Decimal Classification |
| Item type | Book - Borrowing |
| Withdrawn status | Item status | Source of classification or shelving scheme | Damaged status | Not for loan | Vendor | Home library | Current library | Shelving location | Date acquired | Source of acquisition | Total Checkouts | Full call number | Barcode | Date last seen | Koha item type |
|---|---|---|---|---|---|---|---|---|---|---|---|---|---|---|---|
| Dewey Decimal Classification | Donation-Gift | Central Library | Central Library | First floor | 23/08/2012 | Donation | 355.02108 GAR | 000027077 | 15/07/2025 | Book - Borrowing |